|
|
|
|
| LEADER |
00000nam a2200000 i 4500 |
| 001 |
1/8148 |
| 008 |
961008s1993 fre d |
| 020 |
|
|
|a 2-213-03055-3
|
| 035 |
|
|
|l 10016989
|
| 040 |
|
|
|a GR-MY-UA
|b gre
|e aacr
|
| 041 |
0 |
|
|a fre
|
| 082 |
0 |
|
|a 910.916338
|
| 100 |
1 |
|
|a Cabantous, Alain.
|
| 245 |
1 |
4 |
|a Les cotes barbares :
|b pilleurs d'epaves et societes littorales en France (1680-1830) /
|c Alain Cabantous
|
| 260 |
|
|
|a Paris :
|b Fayard,
|c 1993
|
| 300 |
|
|
|a 311 p.
|b maps
|
| 650 |
0 |
0 |
|a Coasts
|z France
|z Brittany
|x Social conditions.
|
| 650 |
0 |
0 |
|a Shipwrecks
|z France
|z Brittany.
|
| 650 |
0 |
0 |
|a Destruction and pillage
|z France
|z Brittany.
|
| 852 |
|
|
|a INST
|b LESVOS
|e 19961008
|h 910.916338 CAB
|p 005100006491
|q 005100006491
|t BK
|y 0
|
| 909 |
|
|
|a Λ
|b 033940
|
| 922 |
|
|
|a 1ΕΛΗ
|b 199312
|c ΚΑΡΑΒΑΣ
|